Statistics for All-Time Spanish Football Honours

Click here to take the quiz!

General Stats

  • This quiz has been taken 207 times
  • The average score is 11 of 14

Answer Stats

Club% Correct
Atlético Madrid
99%
Barcelona
99%
Real Madrid
99%
Sevilla
94%
Valencia
94%
Athletic Bilbao
92%
Real Betis
90%
Real Sociedad
86%
Deportivo La Coruña
85%
Espanyol
68%
Zaragoza
61%
Mallorca
60%
Real Unión
31%
Arenas Club
17%

Score Distribution

Percentile by Number Answered

Percent of People with Each Score

Your Score History

You have not taken this quiz